• 首页
  • 本馆介绍
  • 公告通知
  • 最新文献
  • 馆藏检索
  • 电子资源
  • 读者导购
  • 参考咨询
  • 我的图书馆
  • 登录
  • 详细信息显示
  • 放入我的书架
  • 预约/预借图书
  • 作者相关作品
  • 分类相关作品
  • 丛书相关作品
  • 出版社相关作品

书目信息

  • 表格格式
  • 工作单格式
  • 卡片格式
题名:
中国历代散文名篇鉴赏
    
 
作者: 付成波 , 郭素媛 编著
分册:  
出版信息: 石家庄   花山文艺出版社  2019.4
页数: 373页
开本: 25cm
丛书名:
单 册:
中图分类: I207.62
科图分类:
主题词: 古典散文--gu dian san wen--鉴赏--中国
电子资源:
ISBN: 978-7-5511-3453-8
000 01109nam0 2200241 450
001 2156279109
005 20211011172911.0
010    @a978-7-5511-3453-8@b精装@dCNY68.00
100    @a20191009d2019 em y0chiy ea
101 0  @achi
102    @aCN@b130000
105    @aac z 000cy
106    @ar
200 1  @a中国历代散文名篇鉴赏@Azhong guo li dai san wen ming pian jian shang@f付成波,郭素媛编著
210    @a石家庄@c花山文艺出版社@d2019.4
215    @a373页@c图,肖像@d25cm
330    @a本书介绍了我国历代的散文名篇,收录从先秦到清代时期的脍炙人口的名家作品近80篇,尽展历代散文之名篇佳作,尽显历代文学之艺术风采。全书所收录作品都是广为流传的散文佳作,影响力大,文学水平高、脍炙人口,很多作品甚至入选到大中小学教科书中,极具代表性。此外,全书按朝代顺序辑录,每部作品前有作者生平介绍,每篇文章都有文内注解,文后有生动浅显的解读,深入浅出地介绍作品和创作背景,可读性强。
606 0  @a古典散文@Agu dian san wen@x鉴赏@y中国
690    @aI207.62@v5
701  0 @a付成波@Afu cheng bo@4编著
701  0 @a郭素媛@Aguo su yuan@4编著
801  0 @aCN@b百万庄@c20211006
905    @b1305546-49@dI207.62@e1022@f4
    
    中国历代散文名篇鉴赏/付成波,郭素媛编著.-石家庄:花山文艺出版社,2019.4
    373页:图,肖像;25cm
    
    
    ISBN 978-7-5511-3453-8(精装):CNY68.00
    本书介绍了我国历代的散文名篇,收录从先秦到清代时期的脍炙人口的名家作品近80篇,尽展历代散文之名篇佳作,尽显历代文学之艺术风采。全书所收录作品都是广为流传的散文佳作,影响力大,文学水平高、脍炙人口,很多作品甚至入选到大中小学教科书中,极具代表性。此外,全书按朝代顺序辑录,每部作品前有作者生平介绍,每篇文章都有文内注解,文后有生动浅显的解读,深入浅出地介绍作品和创作背景,可读性强。
●
相关链接 在E读中查询图书 在五车中查询图书 在当当中查询图书 在豆瓣中查询图书


正题名:中国历代散文名篇鉴赏     索取号:I207.62/1022         预约/预借

序号 登录号 条形码 馆藏地/架位号 状态 备注
1 1305546   213055469   第一样本阅览室/ [索取号:I207.62/1022] 在馆    
2 1305547   213055478   第二借阅区/ [索取号:I207.62/1022] 在馆    
3 1305548   213055487   第二借阅区/ [索取号:I207.62/1022] 在馆    
4 1305549   213055496   第二借阅区/ [索取号:I207.62/1022] 在馆    
唐山师范学院图书馆 欢迎您!
大连网信软件有限公司© 版权所有